Beh na maslo
Tzv. „beh na banku“ (bank run) je situácia, keď vkladatelia stratia dôveru v dostupnosť svojich vkladov a masívne (a naraz) vyberajú svoje vklady. A práve takéto správanie vedie k následnému zániku banky. Podobné správanie by však čiastočne dokázalo vysvetliť vývoj ceny tak bežnej potraviny ako je m...
Gespeichert in:
| 1. Verfasser: | |
|---|---|
| Format: | Buchkapitel |
| Sprache: | Slowakisch |
| Schlagworte: | |
| Tags: |
Keine Tags, Fügen Sie das erste Tag hinzu!
|
MARC
| LEADER | 00000nla a2200000 4500 | ||
|---|---|---|---|
| 001 | 0242376 | ||
| 005 | 20240502073936.8 | ||
| 041 | 0 | |a slo | |
| 044 | |a SK | ||
| 245 | 1 | 0 | |a Beh na maslo |c Martin Hudcovský |
| 520 | |a Tzv. „beh na banku“ (bank run) je situácia, keď vkladatelia stratia dôveru v dostupnosť svojich vkladov a masívne (a naraz) vyberajú svoje vklady. A práve takéto správanie vedie k následnému zániku banky. Podobné správanie by však čiastočne dokázalo vysvetliť vývoj ceny tak bežnej potraviny ako je maslo. To zaznamenalo v druhej polovici roku 2017 rekordný cenový nárast. | ||
| 610 | 2 | 0 | |a politika menová |
| 610 | 2 | 0 | |a ceny |
| 610 | 2 | 0 | |a potraviny |
| 610 | 2 | 0 | |a banky |
| 610 | 2 | 0 | |a volatilita |
| 100 | 1 | |a Hudcovský, Martin, 1988- | |